[Event "Oberliga Wuerttemberg 1718"]
[White "Jochens, Arne"]
[Black "Haecker, Alexander"]
[Site "Wuerttemberg"]
[Round "1.1"]
[Result "1/2-1/2"]
[Date "2017.09.17"]
[WhiteElo "2238"]
[BlackElo "2231"]
[PlyCount "83"]
[EventDate "2017.09.17"]
[EventType "team-tourn"]
[EventRounds "9"]
[EventCountry "GER"]
[SourceTitle "EXT 2019"]
[Source "ChessBase"]
[SourceDate "2018.10.10"]
[SourceVersion "1"]
[SourceVersionDate "2018.10.10"]
[SourceQuality "1"]
[WhiteTeam "Ulm Weisse Dame"]
[BlackTeam "Stuttgart Wolfbusch"]
[WhiteTeamCountry "GER"]
[BlackTeamCountry "GER"]

1. c4 c6 2. Nf3 d5 3. e3 Nf6 4. Nc3 g6 5. d4 Bg7 6. Be2 0-0 7. 0-0 dxc4 8. Bxc4 Bf5 9. Qe2 Ne4 10. Rd1 Qa5 11. Nh4 Nd6 12. Nxf5 Nxf5 13. Bd2 Qd8 14. b4 Nd7 15. Bb3 e6 16. Rac1 Qe7 17. Ne4 e5 18. d5 cxd5 19. Bxd5 Nf6 20. Nxf6+ Bxf6 21. g4 Nd6 22. b5 Rac8 23. Bb4 Rxc1 24. Rxc1 Rd8 25. Qf3 b6 26. Rc6 Kg7 27. e4 Qf8 28. Rc7 Be7 29. Qc3 f6 30. Qa3 Kh6 31. Bd2+ g5 32. Rxa7 Kg6 33. Bb4 Nxb5 34. Bxe7 Qe8 35. Qa6 Rxd5 36. exd5 Nxa7 37. Qxa7 Qb5 38. Bf8 Qb1+ 39. Kg2 Qe4+ 40. Kf1 Qb1+ 41. Ke2 Qc2+ 42. Ke3 1/2-1/2

[Event "Bundesliga 1516"]
[White "Jochens, Arne"]
[Black "Hoffmann, Paul"]
[Site "Germany"]
[Round "15.6"]
[Result "0-1"]
[Date "2016.04.24"]
[WhiteElo "2274"]
[BlackElo "2358"]
[PlyCount "56"]
[EventDate "2015.09.18"]
[EventType "team-tourn"]
[EventRounds "15"]
[EventCountry "GER"]
[SourceTitle "CBM 172"]
[Source "ChessBase"]
[SourceDate "2016.05.12"]
[SourceVersion "1"]
[SourceVersionDate "2016.05.12"]
[SourceQuality "1"]
[WhiteTeam "Norderstedt"]
[BlackTeam "Dresden TU"]
[WhiteTeamCountry "GER"]
[BlackTeamCountry "GER"]

1. c4 e5 2. g3 d6 3. Nc3 f5 4. d4 Be7 5. Nd5 Nf6 6. Nxe7 Qxe7 7. Bg2 0-0 8. Bg5 h6 9. Bxf6 Qxf6 10. Qb3 Nc6 11. Bxc6 bxc6 12. dxe5 Qxe5 13. Nf3 Qa5+ 14. Kf1 Qc5 15. Kg2 f4 16. Qc3 Qh5 17. Rhd1 c5 18. b4 Bb7 19. bxc5 Qxc5 20. Qd4 Qh5 21. Qc3 Rae8 22. c5 Kh8 23. Rab1 Ba6 24. Ng1 Bxe2 25. Rd4 fxg3 26. fxg3 Qf5 27. Re1 Qf2+ 28. Kh1 Bf1 0-1

[Event "BL2-Nord 1415"]
[White "Jochens, Arne"]
[Black "Rahls, Peter"]
[Site "Germany"]
[Round "7.7"]
[Result "1/2-1/2"]
[Date "2015.02.22"]
[WhiteElo "2270"]
[BlackElo "2265"]
[PlyCount "127"]
[EventDate "2014.09.21"]
[EventType "team-tourn"]
[EventRounds "9"]
[EventCountry "GER"]
[SourceTitle "CBM 166 Extra"]
[Source "ChessBase"]
[SourceDate "2015.06.18"]
[SourceVersion "1"]
[SourceVersionDate "2015.06.18"]
[SourceQuality "1"]
[WhiteTeam "Norderstedt"]
[BlackTeam "Berlin Zehlendorf"]
[WhiteTeamCountry "GER"]
[BlackTeamCountry "GER"]

1. c4 e5 2. g3 Nf6 3. Bg2 c6 4. d4 exd4 5. Qxd4 d5 6. Nf3 Be7 7. cxd5 cxd5 8. 0-0 Nc6 9. Qa4 0-0 10. Nc3 a6 11. Rd1 Bb4 12. Bg5 Bxc3 13. bxc3 h6 14. Be3 Ne4 15. Rac1 b5 16. Qa3 Be6 17. Nd4 Nxd4 18. Bxd4 Nd6 19. e4 Nc4 20. Qb4 Qd7 21. exd5 Bg4 22. Re1 Rfe8 23. Qb1 Bf5 24. Qa1 Rac8 25. Rxe8+ Rxe8 26. Re1 f6 27. Qc1 Bg6 28. h4 Bf7 29. Rxe8+ Qxe8 30. Qf4 Qd7 31. Be4 Nd6 32. Bf3 Ne8 33. Qb8 Kh7 34. Qa8 Qf5 35. Bg2 Qd7 36. Be4+ f5 37. Bg2 f4 38. Be4+ Kg8 39. Kg2 fxg3 40. fxg3 g6 41. Qxa6 b4 42. cxb4 Qe7 43. Qd3 Qxb4 44. Bxg6 Bxd5+ 45. Kh2 Nd6 46. Bh7+ Kf8 47. Qe3 Qc4 48. Qxh6+ Ke7 49. Qe3+ Kd7 50. Qf2 Qc1 51. g4 Qh1+ 52. Kg3 Be4 53. Bg8 Bf5 54. Kf4 Qe4+ 55. Kg3 Qxg4+ 56. Kh2 Qxg8 57. Be5 Qd5 58. Bxd6 Qxd6+ 59. Kg1 Qd1+ 60. Kh2 Qg4 61. Qa7+ Ke6 62. Qb6+ Kf7 63. Qa7+ Kg6 64. Qg1 1/2-1/2

[Event "BL2-Nord 1314"]
[White "Jochens, Arne"]
[Black "Collett, Peter"]
[Site "Germany"]
[Round "3.6"]
[Result "1-0"]
[Date "2013.11.24"]
[WhiteElo "2272"]
[BlackElo "2215"]
[PlyCount "43"]
[EventDate "2013.10.13"]
[EventType "team-tourn"]
[EventRounds "9"]
[EventCountry "GER"]
[SourceTitle "EXT 2015"]
[Source "ChessBase"]
[SourceDate "2014.11.20"]
[SourceVersion "1"]
[SourceVersionDate "2014.11.20"]
[SourceQuality "1"]
[WhiteTeam "Norderstedt"]
[BlackTeam "Eppendorf"]
[WhiteTeamCountry "GER"]
[BlackTeamCountry "GER"]

1. c4 c5 2. g3 g6 3. Bg2 Bg7 4. Nc3 Nc6 5. Nf3 e5 6. 0-0 Nge7 7. a3 d6 8. b4 0-0 9. Rb1 Rb8 10. d3 a6 11. bxc5 dxc5 12. Bg5 f6 13. Be3 Nd4 14. Na4 Qc7 15. Nb6 Be6 16. Nxd4 cxd4 17. Bd2 Nc6 18. Qa4 Rfe8 19. Rb2 Bf8 20. Rfb1 Kg7 21. Nd5 Qd6 22. Rxb7+ 1-0

[Event "Bundesliga 1213"]
[White "Jochens, Arne"]
[Black "Smeets, Jan"]
[Site "Germany"]
[Round "8"]
[Result "0-1"]
[Date "2013.02.03"]
[WhiteElo "2298"]
[BlackElo "2613"]
[PlyCount "70"]
[EventDate "2012.10.20"]
[EventType "team-tourn"]
[EventRounds "15"]
[EventCountry "GER"]
[SourceTitle "CBM 153"]
[Source "ChessBase"]
[SourceDate "2013.03.14"]
[SourceVersion "1"]
[SourceVersionDate "2013.03.14"]
[SourceQuality "1"]
[WhiteTeam "Norderstedt"]
[BlackTeam "Solingen"]
[WhiteTeamCountry "GER"]
[BlackTeamCountry "GER"]

1. c4 e5 2. g3 Nf6 3. Bg2 c6 4. d4 e4 5. Nc3 Bb4 6. Qb3 Bxc3+ 7. bxc3 0-0 8. Nh3 d6 9. Bg5 h6 10. Bxf6 Qxf6 11. e3 Qe7 12. Nf4 Nd7 13. c5 d5 14. c4 g5 15. Nxd5 cxd5 16. cxd5 Nf6 17. 0-0 g4 18. Rfd1 Rd8 19. d6 Qe6 20. Qc2 Bd7 21. d5 Qe5 22. Rd4 Rac8 23. Rc1 Bf5 24. Qa4 Rxd6 25. Qxa7 Rxd5 26. Qxb7 Rdxc5 27. Rcd1 Kg7 28. a4 Rb8 29. Qa6 Rc2 30. Rc4 Rxc4 31. Qxc4 Be6 32. Qd4 Qxd4 33. Rxd4 Rb1+ 34. Bf1 Ra1 35. Kg2 Nh7 0-1

[Event "Bundesliga 1213"]
[White "Jochens, Arne"]
[Black "Kotainy, Jens"]
[Site "Germany"]
[Round "4.7"]
[Result "1/2-1/2"]
[Date "2012.11.11"]
[WhiteElo "2298"]
[BlackElo "2413"]
[PlyCount "51"]
[EventDate "2012.10.20"]
[EventType "team-tourn"]
[EventRounds "15"]
[EventCountry "GER"]
[SourceTitle "CBM 151"]
[Source "ChessBase"]
[SourceDate "2012.11.13"]
[SourceVersion "1"]
[SourceVersionDate "2012.11.13"]
[SourceQuality "1"]
[WhiteTeam "Norderstedt"]
[BlackTeam "Katernberg"]
[WhiteTeamCountry "GER"]
[BlackTeamCountry "GER"]

1. c4 e5 2. g3 Nf6 3. Bg2 Bc5 4. Nc3 0-0 5. e3 Nc6 6. Nge2 d5 7. cxd5 Nb4 8. d4 exd4 9. exd4 Bb6 10. Bg5 Bg4 11. a3 Bxe2 12. Nxe2 Nbxd5 13. Bxf6 Nxf6 14. Bxb7 Rb8 15. Bf3 c5 16. dxc5 Bxc5 17. b4 Bb6 18. 0-0 Qe7 19. Qb3 Qe5 20. Rac1 Rbd8 21. Qc2 g5 22. a4 Rc8 23. Qd3 Rcd8 24. Qc2 Rc8 25. Qd3 Rcd8 26. Qc2 1/2-1/2

[Event "Kiel op 25th"]
[White "Jochens, Arne"]
[Black "Peschke, Ulrich"]
[Site "Kiel"]
[Round "4"]
[Result "1-0"]
[Date "2012.07.29"]
[WhiteElo "2296"]
[BlackElo "1808"]
[PlyCount "45"]
[EventDate "2012.07.28"]
[EventType "swiss"]
[EventRounds "9"]
[EventCountry "GER"]
[SourceTitle "EXT 2015"]
[Source "ChessBase"]
[SourceDate "2014.11.20"]
[SourceVersion "1"]
[SourceVersionDate "2014.11.20"]
[SourceQuality "1"]

1. c4 e5 2. g3 Nc6 3. Nc3 Bc5 4. Bg2 f5 5. e3 Nf6 6. Nge2 d6 7. d4 Bb6 8. b4 0-0 9. Qb3 exd4 10. c5+ Kh8 11. exd4 Nxd4 12. Nxd4 dxc5 13. bxc5 Qxd4 14. cxb6 Re8+ 15. Be3 Ng4 16. 0-0 Nxe3 17. fxe3 Qxe3+ 18. Kh1 Be6 19. Nd5 Qxb3 20. axb3 Bxd5 21. Bxd5 c6 22. Bf7 Rf8 23. Rxa7 1-0

[Event "BL2-Nord 1112"]
[White "Jochens, Arne"]
[Black "Fuchs, Judith"]
[Site "Germany"]
[Round "8.7"]
[Result "1/2-1/2"]
[Date "2012.03.18"]
[WhiteElo "2286"]
[BlackElo "2217"]
[PlyCount "111"]
[EventDate "2011.10.02"]
[EventType "team-tourn"]
[EventRounds "9"]
[EventCountry "GER"]
[SourceTitle "EXT 2015"]
[Source "ChessBase"]
[SourceDate "2014.11.20"]
[SourceVersion "1"]
[SourceVersionDate "2014.11.20"]
[SourceQuality "1"]
[WhiteTeam "Norderstedt"]
[BlackTeam "Hamburger SK II"]
[WhiteTeamCountry "GER"]
[BlackTeamCountry "GER"]

1. c4 Nf6 2. Nc3 g6 3. g3 Bg7 4. Bg2 d6 5. e4 c5 6. Nge2 Nc6 7. d3 0-0 8. 0-0 Ne8 9. Be3 Nd4 10. Qd2 Nc7 11. Bh6 e5 12. Bxg7 Kxg7 13. f4 f6 14. Rab1 a5 15. b3 Bd7 16. a3 Na6 17. Nd5 Nxe2+ 18. Qxe2 b5 19. fxe5 dxe5 20. Rf2 Nc7 21. Qe3 Nxd5 22. cxd5 Qe7 23. Rc2 Rfc8 24. Rbc1 a4 25. bxa4 Rxa4 26. Rxc5 Rxc5 27. Qxc5 Qxc5+ 28. Rxc5 Kf7 29. Rc3 g5 30. Bf3 b4 31. axb4 Rxb4 32. Rc2 Rd4 33. Be2 Bb5 34. Rc7+ Kg8 35. Rc3 f5 36. Rc5 Bxd3 37. Bxd3 Rxd3 38. exf5 Kf7 39. g4 Rd4 40. h3 h5 41. Rc7+ Kf6 42. Rc6+ Kf7 43. gxh5 Rxd5 44. Rg6 Rd4 45. h6 Rh4 46. Kg2 e4 47. Kg3 e3 48. Re6 e2 49. Rxe2 Rxh6 50. Kg4 Rh4+ 51. Kxg5 Rxh3 52. Ra2 Rg3+ 53. Kf4 Rg1 54. Rf2 Kf6 55. Rf3 Ra1 56. Rf2 1/2-1/2

[Event "BL2-Nord 1112"]
[White "Jochens, Arne"]
[Black "Schulz, Karsten"]
[Site "Germany"]
[Round "1.7"]
[Result "1/2-1/2"]
[Date "2011.10.02"]
[WhiteElo "2286"]
[BlackElo "2310"]
[PlyCount "47"]
[EventDate "2011.10.02"]
[EventType "team-tourn"]
[EventRounds "9"]
[EventCountry "GER"]
[SourceTitle "EXT 2015"]
[Source "ChessBase"]
[SourceDate "2014.11.20"]
[SourceVersion "1"]
[SourceVersionDate "2014.11.20"]
[SourceQuality "1"]
[WhiteTeam "Norderstedt"]
[BlackTeam "Neukloster"]
[WhiteTeamCountry "GER"]
[BlackTeamCountry "GER"]

1. c4 b6 2. Nc3 c5 3. g3 Bb7 4. e4 g6 5. Bg2 Bg7 6. Nge2 Nc6 7. d3 e6 8. 0-0 Nge7 9. a3 0-0 10. Rb1 Nd4 11. b4 Nxe2+ 12. Nxe2 cxb4 13. axb4 d5 14. exd5 exd5 15. c5 Qd7 16. Bb2 Bxb2 17. Rxb2 d4 18. Bxb7 Qxb7 19. Qa1 Nf5 20. Ra2 bxc5 21. bxc5 Qb5 22. Nxd4 Qxc5 23. Nxf5 Qxf5 24. Rxa7 1/2-1/2

[Event "GER Cup final"]
[White "Ritscher, Jan Paul"]
[Black "Jochens, Arne"]
[Site "Halle"]
[Round "2"]
[Result "1-0"]
[Date "2010.05.13"]
[WhiteElo "2316"]
[BlackElo "2252"]
[PlyCount "85"]
[EventDate "2010.05.13"]
[EventType "swiss"]
[EventRounds "5"]
[EventCountry "GER"]
[SourceTitle "CBM 136 Extra"]
[Source "ChessBase"]
[SourceDate "2010.07.02"]
[SourceVersion "2"]
[SourceVersionDate "2010.07.15"]
[SourceQuality "1"]

1. e4 c5 2. Nf3 e6 3. d4 cxd4 4. Nxd4 Nc6 5. Be3 Qc7 6. Bd3 Nf6 7. Nc3 a6 8. 0-0 Nxd4 9. Bxd4 Bc5 10. Bxc5 Qxc5 11. Qe2 d6 12. Na4 Qa5 13. b3 Bd7 14. Nb2 0-0 15. c4 Bc6 16. Rfe1 e5 17. Qc2 Nd7 18. a3 Rfc8 19. b4 Qd8 20. Qe2 Nf8 21. Nd1 Ne6 22. Ne3 Nd4 23. Qb2 Qg5 24. Kh1 Re8 25. Rad1 Qf4 26. f3 Re6 27. Nf1 Ba4 28. Rd2 h5 29. Rf2 Rc8 30. Ne3 Qh4 31. Nd5 Bc6 32. Ne3 Ree8 33. Kg1 Bd7 34. Nd5 Be6 35. a4 Rc6 36. f4 Rec8 37. b5 axb5 38. axb5 Rc5 39. Nb6 R8c7 40. Ra1 Kh7 41. Qa2 Rxb5 42. Nd5 Bxd5 43. exd5+ 1-0

[Event "Oberliga Nord N 0910"]
[White "Rasmussen, Karsten"]
[Black "Jochens, Arne"]
[Site "Germany"]
[Round "7.2"]
[Result "1-0"]
[Date "2010.02.28"]
[WhiteElo "2429"]
[BlackElo "2252"]
[PlyCount "119"]
[EventDate "2009.10.18"]
[EventType "team-tourn"]
[EventRounds "9"]
[EventCountry "GER"]
[SourceTitle "EXT 2011"]
[Source "ChessBase"]
[SourceDate "2010.11.26"]
[SourceVersion "1"]
[SourceVersionDate "2010.11.26"]
[SourceQuality "1"]
[WhiteTeam "Preetz"]
[BlackTeam "Kiel Meerbauer"]
[WhiteTeamCountry "GER"]
[BlackTeamCountry "GER"]

1. d4 Nf6 2. c4 g6 3. g3 Bg7 4. Bg2 0-0 5. Nc3 d6 6. e4 e5 7. Nge2 Nc6 8. d5 Nd4 9. 0-0 Re8 10. Be3 Nxe2+ 11. Qxe2 Ng4 12. Bd2 Bh6 13. Bxh6 Nxh6 14. c5 f5 15. Rac1 Bd7 16. cxd6 cxd6 17. Nb5 Bxb5 18. Qxb5 Re7 19. Rc4 fxe4 20. Bxe4 Rc8 21. Rfc1 Rec7 22. h4 Kg7 23. a4 Rxc4 24. Rxc4 Rxc4 25. Qxc4 Qb6 26. Qc2 Nf7 27. Qc3 Qc5 28. Qb3 b6 29. Kg2 Nh6 30. Qf3 Ng8 31. h5 Nf6 32. hxg6 hxg6 33. Qd3 Ng4 34. Qe2 Nf6 35. Bf3 Qd4 36. Qa6 e4 37. Qxa7+ Kh6 38. Be2 Qxb2 39. Qe7 Nxd5 40. Qxe4 Qe5 41. Qh4+ Kg7 42. Bf3 Nf6 43. Qc4 d5 44. Qb4 Qe6 45. Qd4 Kf7 46. Qf4 Kg7 47. g4 Ne4 48. Qe3 Qc6 49. Qd4+ Kh7 50. Qe5 Nc3 51. g5 Ne4 52. Qe7+ Kg8 53. Bg4 Nc5 54. Kg3 Kh8 55. Kh4 Nxa4 56. Be6 Qc4+ 57. Kg3 Qc3+ 58. Kg2 Qg7 59. Qe8+ Kh7 60. Qxa4 1-0

[Event "Oberliga Nord N 0910"]
[White "Jochens, Arne"]
[Black "Bokelbrink, Uwe"]
[Site "Germany"]
[Round "1.2"]
[Result "1-0"]
[Date "2009.10.18"]
[WhiteElo "2252"]
[BlackElo "2310"]
[PlyCount "67"]
[EventDate "2009.10.18"]
[EventType "team-tourn"]
[EventRounds "9"]
[EventCountry "GER"]
[SourceTitle "EXT 2011"]
[Source "ChessBase"]
[SourceDate "2010.11.26"]
[SourceVersion "1"]
[SourceVersionDate "2010.11.26"]
[SourceQuality "1"]
[WhiteTeam "Kiel Meerbauer"]
[BlackTeam "Pinneberg"]
[WhiteTeamCountry "GER"]
[BlackTeamCountry "GER"]

1. c4 e5 2. g3 Nc6 3. Nc3 f5 4. Nf3 Nf6 5. d4 e4 6. Nh4 d5 7. Bg5 Bb4 8. e3 0-0 9. Ng2 Ne7 10. Qb3 Bxc3+ 11. bxc3 c6 12. h4 h6 13. Bxf6 Rxf6 14. h5 Kh7 15. Nf4 Rb8 16. Be2 Be6 17. c5 Qd7 18. Rb1 Rff8 19. Kf1 Bf7 20. Kg2 Ng8 21. Rb2 Nf6 22. Qa3 b6 23. cxb6 axb6 24. Rxb6 Rxb6 25. Qxf8 Rb2 26. Ra1 Rc2 27. a4 Rxc3 28. a5 Qe8 29. Qxe8 Nxe8 30. a6 Nc7 31. a7 Na8 32. Rb1 Ra3 33. Rb7 Be8 34. g4 1-0

[Event "Kiel op 22nd"]
[White "Jochens, Arne"]
[Black "Buecker, Stefan"]
[Site "Kiel"]
[Round "6"]
[Result "0-1"]
[Date "2009.08.04"]
[WhiteElo "2249"]
[BlackElo "2345"]
[PlyCount "116"]
[EventDate "2009.08.01"]
[EventType "swiss"]
[EventRounds "7"]
[EventCountry "GER"]
[SourceTitle "EXT 2010"]
[Source "ChessBase"]
[SourceDate "2010.11.25"]
[SourceVersion "1"]
[SourceVersionDate "2010.11.25"]
[SourceQuality "1"]

1. c4 e5 2. Nc3 Nc6 3. g3 Bc5 4. Bg2 d6 5. e3 Nge7 6. Nge2 Bg4 7. h3 Bh5 8. d3 f5 9. Qd2 0-0 10. b3 Kh8 11. Bb2 Rb8 12. 0-0 Qe8 13. Kh2 a6 14. Rae1 Qg6 15. d4 Bxe2 16. Nxe2 Bb4 17. Bc3 Bxc3 18. Qxc3 Qh5 19. b4 Ng6 20. dxe5 Ncxe5 21. f4 Ng4+ 22. Kg1 Nf6 23. Qc2 Rbe8 24. Nc3 Ne7 25. e4 fxe4 26. Nxe4 Nxe4 27. Rxe4 Nc6 28. a3 Rxe4 29. Qxe4 Re8 30. Qf3 Qf5 31. Qf2 Qd3 32. Re1 Rf8 33. Bxc6 bxc6 34. Re3 Qxc4 35. Qe2 Qd4 36. Kh2 h6 37. Re4 Qd5 38. Re7 Rf7 39. Re8+ Kh7 40. Qc2+ g6 41. h4 h5 42. Qe2 c5 43. Qxa6 c4 44. Qc8 Qd4 45. Qe6 Kg7 46. Rc8 Qf2+ 47. Kh3 Qg1 48. Qe4 c3 49. Re8 Qd1 50. Qa8 c2 51. Rg8+ Kf6 52. Qd8+ Kf5 53. Qg5+ Ke4 54. Qxg6+ Rf5 55. Qe8+ Kf3 56. Qc6+ Rd5 57. Qc3+ Rd3 58. Qc6+ d5 0-1

[Event "Travemuende op 25th"]
[White "Mainka, Romuald"]
[Black "Jochens, Arne"]
[Site "Travemuende"]
[Round "4"]
[Result "1-0"]
[Date "2008.12.28"]
[WhiteElo "2482"]
[BlackElo "2258"]
[PlyCount "69"]
[EventDate "2008.12.27"]
[EventType "swiss"]
[EventRounds "7"]
[EventCountry "GER"]
[SourceTitle "EXT 2022"]
[Source "ChessBase"]
[SourceDate "2021.10.06"]
[SourceVersion "1"]
[SourceVersionDate "2021.10.06"]
[SourceQuality "1"]

1. e4 c5 2. Nf3 e6 3. d4 cxd4 4. Nxd4 Nc6 5. Nc3 Qc7 6. Be2 a6 7. Be3 Nf6 8. f4 Bb4 9. Qd3 d5 10. e5 Ne4 11. 0-0 Nxd4 12. Bxd4 Nxc3 13. bxc3 Bc5 14. Qg3 g6 15. Bd3 Bd7 16. Rab1 0-0 17. Qe3 Rfc8 18. g4 Bb5 19. f5 Bxd3 20. cxd3 b5 21. Rf3 b4 22. cxb4 Bxd4 23. Qxd4 exf5 24. gxf5 Re8 25. Re3 Qd7 26. Rf1 Rac8 27. Rh3 Qe7 28. fxg6 fxg6 29. Qxd5+ Kg7 30. d4 Rc7 31. Rhf3 Qg5+ 32. Kh1 Ree7 33. Qd6 Qg4 34. Qf6+ Kh6 35. Rf4 1-0

[Event "Schleswig Holstein-ch M 63rd"]
[White "Jochens, Arne"]
[Black "Schwarz, Frank"]
[Site "Gross Groenau"]
[Round "7"]
[Result "0-1"]
[Date "2008.03.21"]
[WhiteElo "2255"]
[BlackElo "2227"]
[PlyCount "134"]
[EventDate "2008.03.15"]
[EventType "swiss"]
[EventRounds "9"]
[EventCountry "GER"]
[SourceTitle "EXT 2010"]
[Source "ChessBase"]
[SourceDate "2010.11.25"]
[SourceVersion "1"]
[SourceVersionDate "2010.11.25"]
[SourceQuality "1"]

1. g3 Nf6 2. Bg2 d5 3. Nf3 Bf5 4. d3 e6 5. Nh4 Bg4 6. h3 Bh5 7. g4 Nfd7 8. gxh5 Qxh4 9. e4 dxe4 10. Nc3 Nc6 11. Nxe4 Be7 12. Bd2 0-0-0 13. Qg4 h6 14. 0-0-0 Nb6 15. Rhg1 Rhg8 16. f4 Nd4 17. Kb1 Nf5 18. Qf3 Nd4 19. Qg4 g6 20. c3 Nf5 21. hxg6 Rxg6 22. Qf3 Nd5 23. Bh1 Rdg8 24. Rxg6 Rxg6 25. Rf1 c6 26. b4 Bf8 27. a3 Qd8 28. c4 Nde3 29. Rc1 Qxd3+ 30. Ka2 Rg3 31. Rc3 Rxf3 32. Rxd3 Rxh3 33. Nf2 Rh2 34. Rxe3 Rxf2 35. Rd3 Bd6 36. Kb3 Bxf4 37. Bc3 Ng3 38. Bf3 Ne2 39. Bb2 Nc1+ 40. Bxc1 Bxc1 41. Bh5 Kc7 42. Rf3 Rxf3+ 43. Bxf3 Kd6 44. a4 Be3 45. c5+ Ke5 46. Kc4 f5 47. b5 cxb5+ 48. axb5 b6 49. c6 Kd6 50. Bh5 Bf4 51. Bf7 Ke7 52. Bh5 Bd6 53. Kd4 Bc7 54. Be2 Kd6 55. Bh5 e5+ 56. Kc4 Bd8 57. Bg6 Ke6 58. Bh7 h5 59. Bg8+ Kf6 60. Bd5 e4 61. Kd4 Bc7 62. Bc4 h4 63. Bf1 Be5+ 64. Ke3 Kg5 65. Bh3 Bc7 66. Kf2 Kf4 67. Ke2 Ke5 0-1